Effect of Load Ratio on Fatigue Failure Micromechanisms of Railway Axle Steel; Applied Mechanics and Materials; Vol. 770 : Urgent Problems of Up-to-Date Mechanical Engineering

Podrobná bibliografie
Parent link:Applied Mechanics and Materials: Scientific Journal
Vol. 770 : Urgent Problems of Up-to-Date Mechanical Engineering.— 2015.— [P. 209-215]
Hlavní autor: Maruschak P.
Korporativní autor: Национальный исследовательский Томский политехнический университет (ТПУ) Институт физики высоких технологий (ИФВТ) Кафедра материаловедения в машиностроении (ММС)
Další autoři: Sorochak A., Panin S. V. Sergey Viktorovich
Shrnutí:Title screen
The paper presents the basic regularities of fatigue failure of the railway wheelset axle material – OsL steel (C - 0,40-0,48 %; Mn - 0,55-0,85 %; Si - 0,15-0,35 %; P < 0,04%; S < 0,045 %; Cr < 0,3 %; Ni < 0,3 %; Cu < 0,25 %). It was revealed that under loading stress ratio R=0, fatigue crack growth is 2 ... 4 times lower than that at the asymmetry R=-1. In doing so, amplitude of stress intensity factor vary in the range of 20–35 MPa√m. The micromechanisms of fatigue crack growth are described and systematized, while physical-mechanical interpretations of the relief morphology at different stages of its growth are offered.
Режим доступа: по договору с организацией-держателем ресурса
Jazyk:angličtina
Vydáno: 2015
Edice:Materials Science in Mechanical Engineering
Témata:
On-line přístup:http://dx.doi.org/10.4028/www.scientific.net/AMM.770.209
Médium: MixedMaterials Elektronický zdroj Kapitola
KOHA link:https://koha.lib.tpu.ru/cgi-bin/koha/opac-detail.pl?biblionumber=643360

MARC

LEADER 00000nla2a2200000 4500
001 643360
005 20240111115032.0
035 |a (RuTPU)RU\TPU\network\8352 
035 |a RU\TPU\network\8350 
090 |a 643360 
100 |a 20150908a2015 k y0engy50 ba 
101 0 |a eng 
105 |a a z 101zy 
135 |a drcn ---uucaa 
181 0 |a i  
182 0 |a b 
200 1 |a Effect of Load Ratio on Fatigue Failure Micromechanisms of Railway Axle Steel  |f P. Maruschak, A. Sorochak, S. V. Panin 
203 |a Text  |c electronic 
225 1 |a Materials Science in Mechanical Engineering 
300 |a Title screen 
330 |a The paper presents the basic regularities of fatigue failure of the railway wheelset axle material – OsL steel (C - 0,40-0,48 %; Mn - 0,55-0,85 %; Si - 0,15-0,35 %; P < 0,04%; S < 0,045 %; Cr < 0,3 %; Ni < 0,3 %; Cu < 0,25 %). It was revealed that under loading stress ratio R=0, fatigue crack growth is 2 ... 4 times lower than that at the asymmetry R=-1. In doing so, amplitude of stress intensity factor vary in the range of 20–35 MPa√m. The micromechanisms of fatigue crack growth are described and systematized, while physical-mechanical interpretations of the relief morphology at different stages of its growth are offered. 
333 |a Режим доступа: по договору с организацией-держателем ресурса 
461 0 |0 (RuTPU)RU\TPU\network\5920  |t Applied Mechanics and Materials  |o Scientific Journal 
463 0 |0 (RuTPU)RU\TPU\network\8263  |t Vol. 770 : Urgent Problems of Up-to-Date Mechanical Engineering  |o International conference, December 11-12, 2014, Yurga, Russia  |o [proceedings]  |f National Research Tomsk Polytechnic University (TPU) ; ed. D. A. Chinakhov  |v [P. 209-215]  |d 2015 
610 1 |a электронный ресурс 
610 1 |a труды учёных ТПУ 
610 1 |a усталость 
610 1 |a трещины 
610 1 |a железнодорожные мосты 
610 1 |a нагрузки 
610 1 |a усталостное разрушение 
610 1 |a стали 
700 1 |a Maruschak  |b P. 
701 1 |a Sorochak  |b A. 
701 1 |a Panin  |b S. V.  |c specialist in the field of material science  |c Professor of Tomsk Polytechnic University, Doctor of technical sciences  |f 1971-  |g Sergey Viktorovich  |3 (RuTPU)RU\TPU\pers\32910  |9 16758 
712 0 2 |a Национальный исследовательский Томский политехнический университет (ТПУ)  |b Институт физики высоких технологий (ИФВТ)  |b Кафедра материаловедения в машиностроении (ММС)  |3 (RuTPU)RU\TPU\col\18688 
801 2 |a RU  |b 63413507  |c 20150908  |g RCR 
856 4 0 |u http://dx.doi.org/10.4028/www.scientific.net/AMM.770.209 
942 |c CF